Zhang Huan / (Record no. 982)
[ view plain ]
| 000 -LEADER | |
|---|---|
| campo de control de longitud fija | 01507nam a22002657a 4500 |
| 008 - DATOS DE LONGITUD FIJA--INFORMACIÓN GENERAL | |
| campo de control de longitud fija | 160723s2003 gw||||| |||| 00| 0 eng d |
| 020 ## - NÚMERO INTERNACIONAL ESTÁNDAR DEL LIBRO | |
| Número Internacional Estándar del Libro | 3775712208 |
| 082 04 - NÚMERO DE LA CLASIFICACIÓN DECIMAL DEWEY | |
| Número de clasificación | 708 |
| Número de ítem | H874z |
| 100 ## - ENTRADA PRINCIPAL--NOMBRE DE PERSONA | |
| Nombre de persona | Huan, Zhang. |
| 9 (RLIN) | 5311 |
| 245 10 - MENCIÓN DEL TÍTULO | |
| Título | Zhang Huan / |
| Mención de responsabilidad, etc. | Zhang Huan ; curador Yilmaz Dzierwior ; Kunstverein in Hamburg. |
| 250 ## - MENCION DE EDICION | |
| Mención de edición | 1a ed. |
| 260 ## - PUBLICACIÓN, DISTRIBUCIÓN, ETC. | |
| Lugar de publicación, distribución, etc. | Alemania : |
| Nombre del editor, distribuidor, etc. | Hatje Cantz, |
| Fecha de publicación, distribución, etc. | 2003. |
| 300 ## - DESCRIPCIÓN FÍSICA | |
| Extensión | 118 p. |
| Otras características físicas | il. col. |
| 500 ## - NOTA GENERAL | |
| Nota general | Este catálogo fue publicado en conjunto a la exhibición "Zhang Huan" en Kunstverein in Hamburg del 30 de noviembre del 2002 al 9 de febrero del 2003, y en el Museum Bochum del 5 de abril al 15 de junio del 2003. |
| 505 0# - NOTA DE CONTENIDO CON FORMATO | |
| Título | Seeds of Hamburg |
| Mención de responsabilidad | Yilmaz Dziewior. |
| Título | Intensified corporeality |
| Mención de responsabilidad | Yu Yeon Kim. |
| Título | Der körper als interkulturelles mediu der kommunikation zum spirituellen hintergrund der kunst von Zhang Huan |
| Mención de responsabilidad | Hans Günter Golinski. |
| Título | The body as intercultural medium of communication on the spiritual background to the art of Zhang Huan |
| Mención de responsabilidad | Hans Günter Golinski. |
| Título | Abbildungen/Illustrations. |
| -- | Dank des herausgebers. |
| -- | Editor's acknowledgements. |
| -- | Biografie / Biography. |
| -- | Bibliografie / Bibliography. |
| -- | Abgebildete Arbeiten / Illustrated works. |
| -- | Impressum / Colophon. |
| 653 10 - TÉRMINO DE INDIZACIÓN--NO CONTROLADO | |
| Término no controlado | Arte contemporáneo |
| 653 10 - TÉRMINO DE INDIZACIÓN--NO CONTROLADO | |
| Término no controlado | Arte conceptual |
| 653 10 - TÉRMINO DE INDIZACIÓN--NO CONTROLADO | |
| Término no controlado | Performance |
| 653 10 - TÉRMINO DE INDIZACIÓN--NO CONTROLADO | |
| Término no controlado | Arte - China |
| 653 10 - TÉRMINO DE INDIZACIÓN--NO CONTROLADO | |
| Término no controlado | Exhibiciones |
| 653 10 - TÉRMINO DE INDIZACIÓN--NO CONTROLADO | |
| Término no controlado | Catálogo de exhibición |
| 700 1# - ENTRADA AGREGADA--NOMBRE PERSONAL | |
| Nombre de persona | Dziewior, Yilmaz. |
| Término indicativo de función/relación | curador. |
| 9 (RLIN) | 5312 |
| 710 2# - ENTRADA AGREGADA--NOMBRE DE ENTIDAD CORPORATIVA | |
| Nombre de entidad corporativa o nombre de jurisdicción como elemento de entrada | Kunstverein in Hamburg. |
| 9 (RLIN) | 5313 |
| 710 2# - ENTRADA AGREGADA--NOMBRE DE ENTIDAD CORPORATIVA | |
| Nombre de entidad corporativa o nombre de jurisdicción como elemento de entrada | Museum Bochum. |
| 9 (RLIN) | 5314 |
| Estatus retirado | Estado de pérdida | Fuente del sistema de clasificación o colocación | Estado de daño | No para préstamo | Biblioteca de origen | Biblioteca actual | Ubicación en estantería | Fecha de adquisición | Total de préstamos | Signatura topográfica completa | Código de barras | Visto por última vez | Precio de reemplazo | Tipo de ítem Koha |
|---|---|---|---|---|---|---|---|---|---|---|---|---|---|---|
| Clasificación Decimal Dewey | Biblioteca LadoV | Biblioteca LadoV | 23/07/2016 | 708 H874z | 000847 | 23/07/2016 | 23/07/2016 | Material 01 |
